Proceedings (Record no. 151030)

MARC details
000 -LEADER
fixed length control field 00913nam a2200265Ia 4500
003 - CONTROL NUMBER IDENTIFIER
control field OSt
005 - DATE AND TIME OF LATEST TRANSACTION
control field 20220918173938.0
008 - FIXED-LENGTH DATA ELEMENTS--GENERAL INFORMATION
fixed length control field 220917b |||||||| |||| 00| 0 eng d
037 ## - SOURCE OF ACQUISITION
Terms of availability Textual
040 ## - CATALOGING SOURCE
Original cataloging agency ARTS
Transcribing agency ARTS
Language of cataloging eng
041 ## - LANGUAGE CODE
Source of code eng
Language code of text/sound track or separate title eng
110 ## - MAIN ENTRY--CORPORATE NAME
Corporate name or jurisdiction name as entry element Atlantic provinces library association conference (Newfoundland)
9 (RLIN) 48513
245 #0 - TITLE STATEMENT
Title Proceedings
Remainder of title libraries and the law ed by Heather Creech
260 ## - PUBLICATION, DISTRIBUTION, ETC.
Place of publication, distribution, etc. London
Name of publisher, distributor, etc. Vine Press
Date of publication, distribution, etc. 1983
300 ## - PHYSICAL DESCRIPTION
Extent 141p
Dimensions cm.
490 ## - SERIES STATEMENT
Series statement Dalhousie university libraries and dalhousie university school of library occasional paper; 31
650 ## - SUBJECT ADDED ENTRY--TOPICAL TERM
Topical term or geographic name entry element LIBRARY SCIENCE
700 ## - ADDED ENTRY--PERSONAL NAME
Personal name Atlantic provinces library association conference (Newfoundland)
9 (RLIN) 48514
942 ## - ADDED ENTRY ELEMENTS (KOHA)
Classification part 24(z)p7211,N80, M3 (2D)
Koha item type Textual
Source of classification or shelving scheme Colon Classification (CC)
Holdings
Withdrawn status Lost status Damaged status Not for loan Home library Current library Date acquired Total Checkouts Full call number Barcode Date last seen Price effective from Koha item type
        Arts Library Arts Library 2022-09-18   24(z)p7211,N80 M3 (2D) AL0866705 2022-09-18 2022-09-18 Textual
Copyright @ Delhi University Library System